Spoilt for choice (Record no. 76000)

MARC details
000 -LEADER
fixed length control field 01284cab a2200193 4500
001 - CONTROL NUMBER
control field ##L131246
008 - FIXED-LENGTH DATA ELEMENTS--GENERAL INFORMATION
fixed length control field 051010n2005 000 0 eng u
035 ## - SYSTEM CONTROL NUMBER
System control number (Sirsi) u131246
041 0# - LANGUAGE CODE
Language code of text/sound track or separate title eng
100 1# - MAIN ENTRY--PERSONAL NAME
Personal name Garthwaite, Helen
245 00 - TITLE STATEMENT
Title Spoilt for choice
260 ## - PUBLICATION, DISTRIBUTION, ETC.
Date of publication, distribution, etc. 2005
490 #0 - SERIES STATEMENT
Series statement Building
Volume/sequential designation 270(38) 23 September 2005, 78(1)
520 ## - SUMMARY, ETC.
Summary, etc. The JCT's design and build form includes third-party rights schedules which are intended to replace collateral warranties. This article points out some potential problems for any developer intending to use the new schedules, in particular ensuring that sub-contractors and members of the project team are also prepared to use them, and that all relevant third parties are included. It also advises on some potential difficulties for those using collateral warranties, such as the obligation to give written notice of them to the contractor. It also points out that, at present, lenders, purchasers and tenants regard such warranties with favour, on the basis that they are tangible documents which can be assigned in the future.
590 ## - LOCAL NOTE (RLIN)
Local note IKA111005
650 24 - SUBJECT ADDED ENTRY--TOPICAL TERM
Topical term or geographic name entry element JCT STANDARD FORM OF BUILDING CONTRACT 2005 EDITION
690 ## - LOCAL SUBJECT ADDED ENTRY--TOPICAL TERM (OCLC, RLIN)
Topical term or geographic name as entry element BUILT ENVIRONMENT-BUILDING CONTRACT FORMS-CONSTRUCTION COLLATERAL WARRANTY FORMS
942 ## - ADDED ENTRY ELEMENTS (KOHA)
Suppress in OPAC 0
Holdings
Withdrawn status Lost status Source of classification or shelving scheme Damaged status Not for loan Home library Current library Shelving location Date acquired Total Checkouts Full call number Barcode Date last seen Copy number Price effective from Koha item type
    Dewey Decimal Classification     London London Journal article 12/10/2005   L131246 131246-1001 06/08/2019 1 06/08/2019 Journal article